000 00751nam a2200229Ii 4500
003 JO-AjNU
008 230605s9999||||xx |||||||||||||| ||und||
017 _a2012/6/2220
020 _a978-9957-19-046-0
040 _aJO-AjNU
_bara
_erda
_cJO-AjNU
041 _aara
050 1 4 _aR644.J6.A45 2012
100 3 _aكنعان، هاشم جدوع ,
_eauthor
_949610
245 0 0 _aكامل محمد صالح العجلوني طبيبا وعالما انسانا
250 _aط1
264 3 1 _aعمان:مؤسسة عبدالحميد شومان ، 2012
300 _a338ص
336 _atext
_btxt
_2rdacontent
337 _aunmediated
_bn
_2rdamedia
338 _avolume
_bnc
_2rdacarrier
650 4 _aتراجم - كامل العجلوني
_949611
999 _aA21800
_c25368
_d25368